000 00286nam a22001337a 4500
008 170420b xxu||||| |||| 00| 0 eng d
020 _a9783946057000
041 _aeng
080 _a617
100 _a5
101 _aSHF
245 _aROTE LISTE 2016
_cDASSINGER, M
942 _2udc
_cBK
999 _c11319
_d11319